• 首页
  • 本馆介绍
  • 公告通知
  • 最新文献
  • 馆藏检索
  • 电子资源
  • 读者导购
  • 参考咨询
  • 我的图书馆
  • 登录
  • 详细信息显示
  • 放入我的书架
  • 预约/预借图书
  • 作者相关作品
  • 分类相关作品
  • 丛书相关作品
  • 出版社相关作品

书目信息

  • 表格格式
  • 工作单格式
  • 卡片格式
书名: Listening tasks
作者: Sandra Schecter, adapter.
分册号:
分册名:
出版地: Cambridge [England] ;
 
出版社: Cambridge University Press
出版时间: 1984.
页数: 2 v. :
开本: 26 cm. +
丛书名:
中图分类号:
科图分类号:
其他分类号: H319.9
主题词:
电子资源:
000 01208cam 2200289Ia 4504
001 E0758387444
003 OCoLC
005 20070207161748.96
008 860311s1984 enka 000 0 eng d
020    @a0521278988 (pbk. : student's book).
020    @a0521262585 (cassette).
020    @a052127897X (pbk. : teacher's manual).
090    @aJ698.5/W1
090    @aH319.9
099    @dH319.9@ex5(+)
100 1  @aSchecter, Sandra R.
245 10 @aListening tasks :@bfor intermediate students of American English : teacher's manual and answer key / @cSandra Schecter, adapter.
260    @aCambridge [England] ;@aNew York :@bCambridge University Press,@c1984.
300    @a2 v. :@bill. ;@c26 cm. +@e1 sound cassette.
500    @aBased on: Task listening / by Lesley Blundell and Jackie Stokes. Cambridge : Cambridge University Press, 1981.
505 0  @aTeacher's manual and answer key -- Student's book.
650  0 @aEnglish language@xStudy and teaching@xForeign speakers.
650  0 @aEnglish language@xComposition and exercises.
650  0 @aListening.
700 1  @aBlundell, Lesley.@tTask listening.
700 1  @aStokes, Jackie.@tTask listening.
920    @a232010@z2
    
    Listening tasks : : for intermediate students of American English : teacher's manual and answer key / / Sandra Schecter, adapter.-Cambridge [England] ; ; New York : : Cambridge University Press, , 1984.
    2 v. : : ill. ; ; 26 cm. + + 1 sound cassette.
    Based on: Task listening / by Lesley Blundell and Jackie Stokes. Cambridge : Cambridge University Press, 1981.-Teacher's manual and answer key -- Student's book.
    
    ISBN 0521278988 (pbk. : student's book).
    
●
相关链接 在E读中查询图书 在五车中查询图书 在当当中查询图书 在豆瓣中查询图书


正题名:Listening tasks     索取号:H319.9/x5(+)         预约/预借

序号 登录号 条形码 馆藏地/架位号 状态 备注
1 181463   000436255   第二样本阅览室/ [索取号:H319.9/x5(+)] 在馆    
2 181464   000436184   第四借阅区/ [索取号:H319.9/x5(+)] 在馆    
3 181465   000436326   第四借阅区/ [索取号:H319.9/x5(+)] 在馆    
4 181466   000436237   第四借阅区/ [索取号:H319.9/x5(+)] 在馆    
5 181467   000436282   第四借阅区/ [索取号:H319.9/x5(+)] 在馆    
6 181468   000436264   第四借阅区/ [索取号:H319.9/x5(+)] 在馆    
7 181469   000436273   第四借阅区/ [索取号:H319.9/x5(+)] 在馆    
8 181470   000436246   第四借阅区/ [索取号:H319.9/x5(+)] 在馆    
9 181471   000436228   第四借阅区/ [索取号:H319.9/x5(+)] 在馆    
10 181472   000436219   第四借阅区/ [索取号:H319.9/x5(+)] 在馆    
唐山师范学院图书馆 欢迎您!
大连网信软件有限公司© 版权所有